000 00616nam a22001817a 4500
005 20250108111520.0
010 _aENG-143261
020 _a9788175246096
_c1300.00
035 _aEN-126793
037 _bDBAD
082 _a371.73
100 _aKamlesh, M.L.
_976066
245 _aPsychology in Physical Education and Sport/
_cBy M.L. Kamlesh
260 _aNew Delhi
_bKhel Sahitya Kendra
_c2015
270 _a7/26, Ansari Road, Darya Ganj
_bNew Delhi
_e110002
_k011-65190343
_k011-43551324
_k011-42564726
_mkhelsahitya@rediffmail.com
300 _a587p.
_c23cm(hbk)
942 _2ddc
_cEN
_h371.73
_mKAM
999 _c208180
_d208180